Blackadder Characters by Images Quiz Stats

 Plays Quiz Updated Oct 31, 2018

Challenge
Share
Tweet
Score 0/16 Timer 05:00
0 Plays Today
% Correct
Captain Edmund Blackadder
96.7%
Baldrick
91.9%
Queen Elizabeth I
89.3%
Captain Kevin Darling
79.3%
Prince George IV
76.4%
Bob
72.7%
Lord Percy Percy
72.3%
Squadron Commander the Lord Flashheart
68%
% Correct
Nursie
66.8%
Pitt the Younger
64.3%
General Sir Anthony Cecil Hogmanay Melchett
59.2%
Mrs. Miggins
55.5%
Samuel Johnson
53%
King Richard IV
33.4%
Prince Ludwig the Indestructible
18.9%
Prince Henry 'Harry' Plantagenet
13.4%

You're not logged in!

Compare scores with friends on all Sporcle quizzes.
OR
Log In

You Might Also Like...

Show Comments

Extras

Top Quizzes Today


Score Distribution

Your Account Isn't Verified!

In order to create a playlist on Sporcle, you need to verify the email address you used during registration. Go to your Sporcle Settings to finish the process.

Report this User

Report this user for behavior that violates our Community Guidelines.

Details: